Wave packet analysis

Αποθηκεύτηκε σε:
Λεπτομέρειες βιβλιογραφικής εγγραφής
Κύριος συγγραφέας: Thiele, Cristoph 1968-
Μορφή: Βιβλίο
Γλώσσα:English
Δημοσίευση: Providence, R.I. : Published for the Conference Board of the Mathematical Sciences by the American Mathematical Society, c2006
Σειρά:Regional conference series in mathematics ; ; 105
Θέματα:
Ετικέτες: Προσθήκη ετικέτας
Δεν υπάρχουν, Καταχωρήστε ετικέτα πρώτοι!

MARC

LEADER 00000nam a2200000 i 4500
001 1/58853
008 071016s2006 eng d
020 |a 0-8218-3661-7 
035 |l 10091558 
040 |a GR-MY-UA  |b gre  |e aacr 
041 0 |a eng 
082 0 |a 515.2433  |2 (22) 
100 1 |a Thiele, Cristoph  |d 1968- 
245 1 0 |a Wave packet analysis /  |c Cristoph Thiele 
260 |a Providence, R.I. :   |b Published for the Conference Board of the Mathematical Sciences by the American Mathematical Society,   |c c2006 
300 |a vii, 86 σ.;  |b εικ.;  |c 26 εκ. 
490 1 |a Conference Board of the Mathematical Sciences regional conference series in mathematics  |v ; 105 
504 |a Περιλαμβάνει βιβλιοπγραφικές παραπομπές (σ. 85-86) 
650 0 0 |a Wave packets. 
650 0 0 |a Wavelets (Mathematics) 
650 0 0 |a Linear operators. 
650 0 0 |a Walsh functions. 
830 0 |a Regional conference series in mathematics ;  |v ; 105 
852 |a INST  |b SAMOS  |e 20071016  |h 515.2433 THI  |p 005300028126  |q 005300028126  |t BK  |y 0 
901 |a BIBL3-2007-3 
909 |a Σ  |b 139289 
922 |a 3ΕΛΗ  |b 200709  |c ΕΠΕΑΕΚ2/ΤΜΗΜΑ ΜΑΘΗΜΑΤΙΚΩΝ  |d ΠΑΠΑΣΩΤΗΡΙΟΥ 
970 |a ΡΟΥΣΣΟΥ  |b ΚΩΝΣΤΑΝΤΙΝΑ  |z 2007/10/16